000
00201 a2200097 4500
001
20101
100
_a
Shah S G M
245
_a
Legacy of Britain
260
_a
_b
Pak Pub Ltd
_c
090
_c
14695
_d
14695
942
_a
NUST-CAE
_c
M
_c
5219
999
_c
255174
_d
255174